Микрорайоны Рязани - Statistics

General Stats
  • This quiz has been taken 58 times
  • The average score is 21 of 50
Answer Stats
Район Микрорайон % Correct
Московский Канищево
80%
Железнодорожный Дашки
77%
Октябрьский Песочня
75%
Московский Московский
73%
Московский Приокский
70%
Октябрьский Дягилево
68%
Советский Кальное
66%
Железнодорожный Горроща
66%
Московский Недостоево
66%
Советский Солотча
61%
Железнодорожный Южный
61%
Советский Борки
55%
Железнодорожный Дашки-Военные
55%
Октябрьский Соколовка
55%
Московский Юбилейный
55%
Октябрьский Строитель
52%
Октябрьский Шлаковый
52%
Московский Мервино
52%
Московский Семчино
52%
Советский Центральный
50%
Октябрьский Никуличи
43%
Октябрьский Турлатово
41%
Московский Красный
41%
Железнодорожный Божатково
39%
Железнодорожный Храпово
39%
Октябрьский Карцево
39%
Московский Элеватор
39%
Советский Бутырки
36%
Октябрьский Театральный
36%
Советский Лесопарк
34%
Железнодорожный Южный промузел
34%
Октябрьский Лесок
34%
Железнодорожный Железнодорожный
32%
Октябрьский Восточный промузел
32%
Октябрьский Мирный
32%
Советский Луковский лес
30%
Советский Варские
27%
Железнодорожный Ситники
27%
Железнодорожный Сысоево
27%
Октябрьский Голенчино
27%
Московский Дягилево-Военное
27%
Железнодорожный Михайловский
25%
Московский Северо-Западный промузел
25%
Советский Агра-Пустынь
23%
Октябрьский Стенькино
20%
Октябрьский Хамбушево
20%
Железнодорожный Центральный промузел
14%
Октябрьский Куйбышевский
14%
Советский Давыдово
11%
Советский Полково
9%
No matching quizzes found
Score Distribution
Percent of People with Each Score
Percentile by Number Answered
Your Score History
You have not taken this quiz